| 000 | 00513nam a2200193Ia 4500 | ||
|---|---|---|---|
| 003 | GCL | ||
| 008 | 140319s9999 xx 000 0 eng d | ||
| 040 |
_aGCL / _cGCL |
||
| 082 | 0 | 4 |
_a617.550757 _bM D |
| 100 | 1 | _aMEYERS, MORTON | |
| 245 | 1 | 0 |
_aDYNAMIC RADIOLOGY OF THE ABDOMEN: NORMAL AND PATHOLOGIC ANATOMY / _cMEYERS, MORTON |
| 260 |
_a[S.N] : _bSPRINGER - VERLAG ، _c1994 |
||
| 300 | _a593 | ||
| 650 | 0 | 4 | _aANATOMY |
| 650 | 0 | 4 | _aDISEASES |
| 650 | 0 | 4 | _aABDOMEN |
| 650 | 0 | 4 | _aRADIOGRAPHY |
| 942 |
_2ddc _cBK |
||
| 999 |
_c25501 _d25501 |
||